00364 2200145 4500001002100000005001500021035002000036245006000056100001400116300001200130260004200142082000800184084001400192990001200206INLIS00000000000185020250509072142 a0010-05250001421 aAneka Resep Obat Kuno Yang Mujarab /cMB. Rahimsyah A.R0 aRahimsyah a160 hlm aSurabaya :bBintang Usaha Jaya,c1995 a600 a600 RAH a a0754751